| 000 | 00975pam a2200301 a 4500 | ||
|---|---|---|---|
| 001 | 015722687 | ||
| 003 | OSt | ||
| 005 | 20201128021133.0 | ||
| 008 | 101221t2011 xxua frbd 001 0 eng d | ||
| 020 | _a9780071703543 (hbk.) | ||
| 020 | _a0071703543 (hbk.) | ||
| 040 |
_aStDuBDS _beng _cStDuBDS _dUk _dEG-ScBUE |
||
| 082 | 0 | 0 |
_a615.58 _222 _bPHA |
| 245 | 0 | 0 |
_aPharmacotherapy : _ba pathophysiologic approach / _cJoseph T. DiPiro ... [et al.] |
| 250 | _a8th ed. | ||
| 260 |
_aNew York, United States : _bMcGraw-Hill Medical, _cc.2011. |
||
| 300 |
_axxxii, 2668 p. : _bill. (col.) ; _c29 cm. |
||
| 500 | _aPrevious ed. : 2008. | ||
| 500 | _aGlossary : p. 2585-2612. | ||
| 500 | _aIndex : p. 2613-2668. | ||
| 504 | _aIncludes bibliographical references. | ||
| 650 | 0 |
_aChemotherapy _99757 |
|
| 650 | 0 |
_aPhysiology, Pathological _92182 |
|
| 653 |
_bPPhrm _cNovember2014 |
||
| 655 |
_vreading book _934232 |
||
| 700 | 1 |
_aDiPiro, Joseph T. _936680 |
|
| 942 |
_2ddc _k615.58 PHA |
||
| 999 |
_c18677 _d18649 |
||